• 首页
  • 本馆介绍
  • 公告通知
  • 最新文献
  • 馆藏检索
  • 电子资源
  • 读者导购
  • 参考咨询
  • 我的图书馆
  • 登录
  • 详细信息显示
  • 放入我的书架
  • 预约/预借图书
  • 作者相关作品
  • 分类相关作品
  • 丛书相关作品
  • 出版社相关作品

书目信息

  • 表格格式
  • 工作单格式
  • 卡片格式
题名:
Cloud2.0时代容器技术一本通
    
 
作者: 秦小康 主编
分册:  
出版信息: 北京   电子工业出版社  2019
页数: 394页
开本: 26cm
丛书名:
单 册:
中图分类: TP393.027
科图分类:
主题词: 云计算--研究
电子资源:
ISBN: 978-7-121-36569-0
000 00863nam0 2200241 450
001 2348773814
005 20231128133448.90
010    @a978-7-121-36569-0@dCNY108.00
100    @a20190807d2019 em y0chiy50 ea
101 0  @achi
102    @aCN@b110000
105    @ay z 000yy
200 1  @aCloud2.0时代容器技术一本通@ACloud2.0 shi dai rong qi ji shu yi ben tong@e企业级落地实践@f秦小康主编
210    @a北京@c电子工业出版社@d2019
215    @a394页@d26cm
300    @a企业级应用落地实践系列
330    @a本书内容将包含以行业领域为划分的企业级容器技术落地典型案例,以场景为出发点的容器落地常用场景,并列举企业容器落地应该关注的几大技术点。
517 1  @a企业级落地实践@Aqi ye ji luo di shi jian
606 0  @a云计算@x研究
690    @aTP393.027@v5
701  0 @a秦小康@Aqin xiao kang@4主编
801  0 @aCN@b山东中教@c20231126
905    @aBZT@dTP393.027@e5
    
    Cloud2.0时代容器技术一本通:企业级落地实践/秦小康主编.-北京:电子工业出版社,2019
    394页;26cm
    企业级应用落地实践系列
    
    ISBN 978-7-121-36569-0:CNY108.00
    本书内容将包含以行业领域为划分的企业级容器技术落地典型案例,以场景为出发点的容器落地常用场景,并列举企业容器落地应该关注的几大技术点。
●
相关链接 在五车中查询图书 在当当中查询图书 在豆瓣中查询图书


正题名:Cloud2.0时代容器技术一本通     索取号:TP393.027/5         预约/预借

序号 登录号 条形码 馆藏地/架位号 状态 备注
1 2001172776   2001172776   中教(第二批第二书库)/山东中教(第二批)/1507/ [索取号:TP393.027/5] 在馆    
2 2001172777   2001172777   中教(第二批第二书库)/山东中教(第二批)/1507/ [索取号:TP393.027/5] 在馆    
3 2001172778   2001172778   中教(第二批第二书库)/山东中教(第二批)/1507/ [索取号:TP393.027/5] 在馆    
4 2001172779   2001172779   中教(第二批第二书库)/山东中教(第二批)/1507/ [索取号:TP393.027/5] 在馆    
5 2001172780   2001172780   中教(第二批第二书库)/山东中教(第二批)/1507/ [索取号:TP393.027/5] 在馆    
6 2001172781   2001172781   中教(第二批第二书库)/山东中教(第二批)/1507/ [索取号:TP393.027/5] 在馆    
7 2001172782   2001172782   中教(第二批第二书库)/山东中教(第二批)/1507/ [索取号:TP393.027/5] 在馆    
8 2001172783   2001172783   中教(第二批第二书库)/山东中教(第二批)/1507/ [索取号:TP393.027/5] 在馆    
9 2001172784   2001172784   中教(第二批第二书库)/山东中教(第二批)/1507/ [索取号:TP393.027/5] 在馆    
10 2001172785   2001172785   中教(第二批第二书库)/山东中教(第二批)/1507/ [索取号:TP393.027/5] 在馆    
11 2001172786   2001172786   中教(第二批第二书库)/山东中教(第二批)/1507/ [索取号:TP393.027/5] 在馆    
12 2001172787   2001172787   中教(第二批第二书库)/山东中教(第二批)/1507/ [索取号:TP393.027/5] 在馆    
13 2001172788   2001172788   中教(第二批第二书库)/山东中教(第二批)/1507/ [索取号:TP393.027/5] 在馆    
14 2001172789   2001172789   中教(第二批第二书库)/山东中教(第二批)/1507/ [索取号:TP393.027/5] 在馆    
15 2001172790   2001172790   中教(第二批第二书库)/山东中教(第二批)/1507/ [索取号:TP393.027/5] 在馆    
16 2001172791   2001172791   中教(第二批第二书库)/山东中教(第二批)/1507/ [索取号:TP393.027/5] 在馆    
17 2001172792   2001172792   中教(第二批第二书库)/山东中教(第二批)/1507/ [索取号:TP393.027/5] 在馆    
18 2001172793   2001172793   中教(第二批第二书库)/山东中教(第二批)/1507/ [索取号:TP393.027/5] 在馆    
19 2001172794   2001172794   中教(第二批第二书库)/山东中教(第二批)/1507/ [索取号:TP393.027/5] 在馆    
20 2001172795   2001172795   中教(第二批第二书库)/山东中教(第二批)/1507/ [索取号:TP393.027/5] 在馆    
21 2001172796   2001172796   中教(第二批第二书库)/山东中教(第二批)/1507/ [索取号:TP393.027/5] 在馆    
22 2001172797   2001172797   中教(第二批第二书库)/山东中教(第二批)/1507/ [索取号:TP393.027/5] 在馆    
23 2001172798   2001172798   中教(第二批第二书库)/山东中教(第二批)/1507/ [索取号:TP393.027/5] 在馆    
24 2001172799   2001172799   中教(第二批第二书库)/山东中教(第二批)/1507/ [索取号:TP393.027/5] 在馆    
25 2001182323   2001182323   中教(第二批第二书库)/山东中教(第二批)/1845/ [索取号:TP393.027/5] 在馆    
26 2001182324   2001182324   中教(第二批第二书库)/山东中教(第二批)/1845/ [索取号:TP393.027/5] 在馆    
27 2001182325   2001182325   中教(第二批第二书库)/山东中教(第二批)/1845/ [索取号:TP393.027/5] 在馆    
28 2001182326   2001182326   中教(第二批第二书库)/山东中教(第二批)/1845/ [索取号:TP393.027/5] 在馆    
29 2001182327   2001182327   中教(第二批第二书库)/山东中教(第二批)/1845/ [索取号:TP393.027/5] 在馆    
30 2001182328   2001182328   中教(第二批第二书库)/山东中教(第二批)/1845/ [索取号:TP393.027/5] 在馆    
山东省滨州职业学院图书馆 欢迎您!
大连网信软件有限公司© 版权所有